MARC details
| 000 -LÍDER |
| campo de controle de tamanho fixo |
01445naa a22003497a 4500 |
| 001 - NÚMERO DE CONTROLE |
| campo de controle |
BR8901278 |
| 003 - IDENTIFICADOR DO NÚMERO DE CONTROLE |
| campo de controle |
BR-BrBNA |
| 005 - DATA E HORÁRIO DA ÚLTIMA TRANSAÇÃO |
| campo de controle |
20240918180436.0 |
| 007 - CAMPO FIXO DE DESCRIÇÃO FÍSICA--INFORMAÇÃO GERAL |
| campo de controle de tamanho fixo |
ta |
| 008 - CAMPO DE DADOS FIXOS--INFORMAÇÃO GERAL |
| campo de controle de tamanho fixo |
230509b bl.||||| |||| 00| 0 por d |
| 040 ## - FONTE DA CATALOGAÇÃO |
| Instituição da catalogação original |
BR-BrBNA |
| Idioma da catalogação |
por |
| Instituição que transcreveu o registro |
Biblioteca Nacional de Agricultura |
| 041 ## - CÓDIGO DE IDIOMA |
| Código do idioma do texto/trilha sonora ou título diferente |
(Pt) |
| 072 ## - CÓDIGO DE CATEGORIA DE ASSUNTO |
| Código de Categoria de Assunto |
F07; N20; P05 |
| Código do objeto |
4520 |
| -- |
5050 |
| -- |
G514 |
| 090 ## - NÚMERO DE CHAMADA LOCAL |
| Número de chamada |
F07 BR8901278 |
| 100 1# - ENTRADA PRINCIPAL--NOME PESSOAL |
| Nome pessoal |
Araujo, A.E. |
| 100 1# - ENTRADA PRINCIPAL--NOME PESSOAL |
| Nome pessoal |
Casao Junior, R. |
| 100 1# - ENTRADA PRINCIPAL--NOME PESSOAL |
| Nome pessoal |
Figueiredo, P.R.A. |
| 100 1# - ENTRADA PRINCIPAL--NOME PESSOAL |
| Nome pessoal |
Siqueira, R. |
| 111 1# - ENTRADA PRINCIPAL--NOME DO EVENTO |
| Nome do evento ou lugar |
16. Congresso Brasileiro de Engenharia Agricola |
| Local do evento |
Jundiai, SP (Brazil) |
| Data do evento ou assinatura do tratado |
13-17 Jul 1987 |
| 245 1# - TÍTULO |
| Título |
Estudo e caracterizacao de implementos de preparo primario do solo a tracao animal, em solo cambissolico alico, no municipio de Rio Azul, Parana |
| 246 1# - FORMA VARIANTE DO TÍTULO |
| Título/título abreviado |
Performance of molboard horseflows used at the municipality of Rio Azul, Parana, Brazil |
| 246 1# - FORMA VARIANTE DO TÍTULO |
| Título/título abreviado |
[16th Brazilian Congress of Agricultural Engineering. Annals. v. 1] |
| 260 3# - PUBLICAÇÃO, DISTRIBUIÇÃO, ETC. |
| Local de publicação, distribuição, etc. |
Sao Paulo, SP (Brasil): |
| Data da publicação, distribuição, etc. |
1987. |
| 500 ## - NOTA GERAL |
| Nota geral |
16. Congresso Brasileiro de Engenharia Agricola. Anais. v. 1.<br/>Sao Paulo, SP (Brasil): 1987. p. 253-257<br/>(BR8901278-AM)F07<br/> |
| 650 ## - ASSUNTO--TERMO TÓPICO |
| Cabeçalho tópico ou nome geográfico |
CULTIVO DO SOLO |
| 650 ## - ASSUNTO--TERMO TÓPICO |
| Cabeçalho tópico ou nome geográfico |
ARADO DE AIVECA |
| 650 ## - ASSUNTO--TERMO TÓPICO |
| Cabeçalho tópico ou nome geográfico |
TRACAO ANIMAL |
| 650 ## - ASSUNTO--TERMO TÓPICO |
| Cabeçalho tópico ou nome geográfico |
PARANA |
| 773 0# - ENTRADA ANALÍTICA |
| Título |
16. Congresso Brasileiro de Engenharia Agricola. Anais. v. 1. |
| Número de controle do registro |
F07 BR8901278 |
| Partes relacionadas |
Sao Paulo, SP (Brasil), 1987. p. 253-257 |
| 909 ## - |
| -- |
202404 |
| -- |
Lucia |
| -- |
55 |
| -- |
Lucia Elande |
| 942 ## - ELEMENTOS DE ENTRADA ADICIONADOS (KOHA) |
| Tipo de material Koha |
Capítulo-Livro |
| Fonte da classificação ou esquema de arquivamento na estante |
Classificação AGRIS |